<?xml version="1.0" encoding="UTF-8"?>
<collection xmlns="http://www.loc.gov/MARC21/slim">
  <record>
    <leader>00000nam  2200000   4500</leader>
    <controlfield tag="001">000871</controlfield>
    <controlfield tag="005">20250712114926</controlfield>
    <datafield tag="035" ind1="#" ind2="#">
      <subfield code="a">0010-0725000749</subfield>
    </datafield>
    <controlfield tag="007">ta</controlfield>
    <controlfield tag="008">250712################a##########0#ind##</controlfield>
    <datafield tag="020" ind1="#" ind2="#">
      <subfield code="a">978-602-1101-54-4</subfield>
    </datafield>
    <datafield tag="082" ind1="#" ind2="#">
      <subfield code="a">398.209 598</subfield>
    </datafield>
    <datafield tag="084" ind1="#" ind2="#">
      <subfield code="a">398.209 598 HEP p</subfield>
    </datafield>
    <datafield tag="100" ind1=" " ind2="#">
      <subfield code="a">Heppi</subfield>
    </datafield>
    <datafield tag="245" ind1="1" ind2="#">
      <subfield code="a">Panen Rotan /</subfield>
      <subfield code="c">Heppi</subfield>
    </datafield>
    <datafield tag="260" ind1="#" ind2="#">
      <subfield code="a">Bandung :</subfield>
      <subfield code="b">Yayasan Litara,</subfield>
      <subfield code="c">2021</subfield>
    </datafield>
    <datafield tag="300" ind1="#" ind2="#">
      <subfield code="a">16 hlm. :</subfield>
      <subfield code="b">ilus. ;</subfield>
      <subfield code="c">29,7 cm</subfield>
    </datafield>
    <datafield tag="856" ind1="#" ind2="#">
      <subfield code="a">TBM As Suhada</subfield>
    </datafield>
    <datafield tag="990" ind1="#" ind2="#">
      <subfield code="a">TBM202400687</subfield>
    </datafield>
    <datafield tag="990" ind1="#" ind2="#">
      <subfield code="a">TBM202400727</subfield>
    </datafield>
  </record>
</collection>
